Chateaubriand : actes du Congres de Wisconsin pour le 200e anniversaire de la naissance de Chateaubriand [16-20 octobre] 1968. Proceedings of the Commemoration of the bicentenary of the birth of Chateaubriand /

Saved in:
Bibliographic Details
Corporate Author: International Commemoration of the Bicentenary of the Birth of Chateaubriand University of Wisconsin
Other Authors: Switzer, Richard
Format: Conference Proceeding Book
Language:English
Published: Geneve : Droz, 1970.
Series:Histoire des idees et critique litteraire ; v. 100
Subjects:
LEADER 01443nam a2200265 i 4500
001 c000028317
003 CARM
005 00000000000000.0
008 850517s1970 sz 0 eng d
019 1 |a 9253863  |z 11747662  |z 11747662  |5 LACONCORD2021 
035 |a (OCoLC)387900  |5 LACONCORD2021 
111 2 0 |a International Commemoration of the Bicentenary of the Birth of Chateaubriand  |d (1968 :  |c University of Wisconsin) 
245 1 0 |a Chateaubriand :  |b actes du Congres de Wisconsin pour le 200e anniversaire de la naissance de Chateaubriand [16-20 octobre] 1968. Proceedings of the Commemoration of the bicentenary of the birth of Chateaubriand /  |c Edited by Richard Switzer. 
260 |a Geneve :  |b Droz,  |c 1970. 
300 |a 296 p. :  |b illus. 
490 0 |a Histoire des idees et critique litteraire ;  |v v. 100 
500 |a French or English. 
500 |a Issued also in English under title: Chateaubriand today. 
500 |a "The ballad of Major Andre [by] Roger Williams": p. [285]-288. 
500 |a "American and English influence on Chateaubriand: an annotated bibliography, 1950-1968": p. [289]-29. 
600 1 0 |a Chateaubriand, Francois-Rene,  |c vicomte de,  |d 1768-1848. 
700 1 |a Switzer, Richard. 
852 8 |b CARM  |h A2:AE26D0  |i C00821  |p 0051190  |f BK 
999 f f |i 235e512b-a01a-5b55-bfe4-3381423580aa  |s 6fe0898d-9d88-5c64-a495-33d197f54f44 
952 f f |p Can circulate  |a CAVAL  |b CAVAL  |c CAVAL  |d CARM 1 Store  |e C00821  |f A2:AE26D0  |h Other scheme  |i book  |m 0051190